Catalog

Record Details

Catalog Search



Validation techniques for dementia care : the family guide to improving communication  Cover Image Book Book

Validation techniques for dementia care : the family guide to improving communication / Vicki de Klerk-Rubin

Record details

  • ISBN: 9781932529371 (pbk.)
  • Physical Description: vii, 132 p. : ill. ; 21 cm
  • Edition: Rev. English ed.
  • Publisher: Baltimore : Health Professions Press, c2008

Content descriptions

Bibliography, etc. Note:
Includes bibliographical references (p. 123-124) and index
Subject: Senile dementia > Patients > Care
Caregivers
Alzheimer Disease > psychology
Alzheimer Disease > therapy
Caregivers > psychology
Communication
Family > psychology

Available copies

  • 1 of 2 copies available at Common Catalog SPOK.

Holds

  • 0 current holds with 2 total copies.
Show Only Available Copies
Location Call Number / Copy Notes Barcode Shelving Location Status Due Date
Jabok Library SPr-3.5 424480026459 Příruční knihovna učitelů - ptejte se knihovníka Checked out 25.09.2025
Jabok Library SPr-3.5 424480034896 Odborná literatura Available -

LDR 01574cam a22003854a 4500
00116227
003CZ-PrJAB
00520220405114800.0
007ta
008070827s2008 mdua b 001 0 eng
020 . ‡a9781932529371 (pbk.)
035 . ‡a(CONS)16227
040 . ‡aABG312
072 7. ‡a364-1/-7 ‡xDruhy sociální pomoci a služeb ‡2Konspekt ‡918
1001 . ‡aKlerk-Rubin, Vicki de ‡4aut ‡7mub2012695920 ‡0(CZ-PrJAB)50354
24010. ‡aMit dementen Menschen richtig ungehen Validation für Angehörige. ‡lEnglish
24510. ‡aValidation techniques for dementia care : ‡bthe family guide to improving communication / ‡cVicki de Klerk-Rubin
250 . ‡aRev. English ed.
260 . ‡aBaltimore : ‡bHealth Professions Press, ‡cc2008
300 . ‡avii, 132 p. : ‡bill. ; ‡c21 cm
504 . ‡aIncludes bibliographical references (p. 123-124) and index
650 0. ‡aSenile dementia ‡xPatients ‡xCare
650 0. ‡aCaregivers
65012. ‡aAlzheimer Disease ‡xpsychology
65012. ‡aAlzheimer Disease ‡xtherapy
65022. ‡aCaregivers ‡xpsychology
65022. ‡aCommunication
65022. ‡aFamily ‡xpsychology
653 . ‡alidé s demencí
653 . ‡aspeciální komunikace
653 . ‡aspecifické verbální a neverbální komunikační techniky ‡aAlzheimer
910 . ‡aABG312
901 . ‡a16227 ‡b ‡c16227 ‡tbiblio

Additional Resources